|
|
|
|
| LEADER |
00000nam0a2200000 4500 |
| 001 |
36350 |
| 005 |
20231031001658.0 |
| 035 |
|
|
|a (RuTPU)RU\TPU\book\36821
|
| 035 |
|
|
|a BOOK00003473
|
| 090 |
|
|
|a 36350
|
| 100 |
|
|
|a 20011210d1986 u y0rusy50 ca
|
| 101 |
0 |
|
|a rus
|
| 102 |
|
|
|a MD
|
| 105 |
|
|
|a a 000|y
|
| 200 |
1 |
|
|a Экологические проблемы сельскохозяйственного производства
|f М. Т. Гончар
|
| 210 |
|
|
|a Львов
|c Высшая школа
|d 1986
|
| 215 |
|
|
|a 144 с.
|
| 610 |
1 |
|
|a экология
|
| 610 |
1 |
|
|a экологические проблемы
|
| 610 |
1 |
|
|a сельскохозяйственное производство
|
| 610 |
1 |
|
|a окружающая среда
|
| 610 |
1 |
|
|a охрана
|
| 675 |
|
|
|a 631.1
|v 3
|
| 700 |
|
1 |
|a Гончар
|g Михаил Тимофеевич
|
| 801 |
|
0 |
|a MD
|b 63413507
|c 20011210
|g PSBO
|
| 900 |
|
|
|a Охрана окружающей среды
|
| 942 |
|
|
|c BK
|